Responses for show #2060 - Friday, July 16, 1993

1993 Seniors Tournament quarterfinal game 5.

Contestants

[<< previous game]

Marty Wiley, a registered nurse from Chula Vista, California

Don Hensley, a househusband from Arlington, Texas

Julia Buonocore, a freelance writer from New York City, New York

[next game >>]

Jeopardy! Round responses

ZOOLOGY
CELEBRITY RELATIVES
NATIONAL FORESTS
ECCENTRICITIES
NEWSPAPERS & MAGAZINES
"H" ON THE MAP
    $100 7
trunk

Marty
    $100 12
Telly Savalas

Don
    $100 13
Daniel Boone

Don
    $100 16
[Alex read "that" between "so" & "he."]

watch

Marty
    $100 6
(Don: What is The Tribune?)

The Sun

DonMarty
    $100 1
(Don: What is Carthage?)

Hannibal

DonMarty
    $200 8
king cobra

Don
    $200 27
Chastity

Julia
    $200 14
Mount Rushmore

Julia
    $200 19
owl

Don
    $200 23
Life

Marty
    $200 2
Haiti

Marty
    $300 9
zebra

Marty
    $300 28
Mike Wallace

Triple Stumper
    $300 15
Smokey the Bear

Don
    $300 20
(Don: What is pepper?)
...
(Alex: Pepper never works; I tried it.)
[Laughter]

salt

DonMarty
    $300 24
(Julia: What's San Francisco?)

Sacramento

JuliaMarty
    $300 3
Honduras

Julia
    $400 10
(Don: What are squirrels?)

foxes

JuliaDon
    $400 29
Penny Marshall

Marty
    $400 17
Indiana

Marty
    $400 21
Sarah Bernhardt

Don
    $400 25
(Marty: What's Vogue?)

Vanity Fair

JuliaMarty
    $400 4
Hamburg

Julia
    $400 11
(Julia: Um...what is...a spider?)

scorpion

Julia
    $500 30
Ida Lupino

Don
    $500 18
Francis Marion

Don
    $500 22
Howard Hughes

Don
    $500 26
(Alex: You're a member?)
(Julia: Yes, as a matter of fact.)
(Alex: I'm a member.)
[Laughter]

AARP

Julia
    $500 5
Hamilton

Don

Scores at the first commercial break (after clue 15):

Julia Don Marty
$900 $600 $800

Scores at the end of the Jeopardy! Round:

Julia Don Marty
$1,700 $2,400 $2,100

Double Jeopardy! Round responses

FAMOUS AMERICANS
GRANDCHILD CARE
MYTHOLOGICAL OPERAS
SPORTS
INTERNATIONAL CUISINE
MYSTERIES
    $200 9
Lee

Julia
    $200 2
sleep

Don
    $200 1
Mount Olympus

Marty
    $200 3
bowling

Don
    $200 18
(Marty: What is China?)

Japan

JuliaMarty
    $200 4
Agatha Christie

Don
    $400 10
(Noah) Webster

Julia
    $400 14
diaper rash

Marty
    $400 23
Venus

Julia
    $400 27
(Don: Who is Jackie Joyner-Kersee?)

Florence Griffith Joyner

JuliaDon
    $400 19
butter

Julia
    $400 5
Moriarty

Julia
    $600 11
Wrigley

Marty
    $600 15
jaundice

Marty
    $600 24
Helen of Troy

Marty
    $600 28
National Hockey League

Don
    $600 20
periwinkles

Marty
    $600 6
a Train

Don
    $800 12
Susan B. Anthony

Marty
    $800 16
layette

Julia
    $800 25
Pollux

Marty
    $800 29
(Julia: Who is Magic Johnson?)

Michael Jordan

JuliaDon
    $800 21
lamb

Marty
    $800 7
Ellery Queen

Marty
    $1,000 13
Billy Sunday

Marty
    $1000 17
DPT

Marty
    $1,000 26
(Alex: [after seconds of silence] Marty?)
(Marty: What is The Nebering? Nebering Opera?)
(Alex: The Ring of the Nibelung? No.)

Gotterdammerung

Marty
    $1000 30
Tom Seaver

Marty
    $1000 22
(Don: What is mahi-mahi?)
(Marty: What is the dolphinfish?)

tuna

JuliaDonMarty
    $1000 8
Dorothy Sayers

Julia

Scores at the end of the Double Jeopardy! Round:

Julia Don Marty
$6,100 $3,600 $9,100

Final Jeopardy! Round responses

TELEVISION HISTORY
(Alex: The big star of Texaco Star Theater was Milton Berle, who became known as Mr. [*] Night. He owned the airwaves.)
DonWhat is Sunday?
$3,500
JuliaWhat is Sunday
$0
MartyWhat is Sunday
$1,100
Tuesday

Final scores:

Julia Don Marty
$6,100 $100 $8,000
2nd place: $1,000 if eliminated 3rd place: $1,000 if eliminated Automatic semifinalist

Game dynamics:

Coryat scores:

Julia Don Marty
$6,500 $3,600 $10,100
17 R,
3 W
(including 1 DD)
16 R,
6 W
24 R
(including 1 DD),
4 W
(including 1 DD)

Combined Coryat: $20,200

The J! Archive is created by fans, for fans. Scraping, republication, monetization, and malicious use prohibited; this site may use cookies and collect identifying information. See terms. The Jeopardy! game show and all elements thereof, including but not limited to copyright and trademark thereto, are the property of Jeopardy Productions, Inc. and are protected under law. This website is not affiliated with, sponsored by, or operated by Jeopardy Productions, Inc. Join the discussion at JBoard.tv.